000 00738nam a2200289Ia 4500
005 20260324114501.0
008 008 260324s9999 xx 000 0 eng d
020 _a9781003294412
037 _aEBOOK
040 _aCRL
040 _beng
040 _cCRL
041 _2eng
041 _aeng
084 _qCRL
100 _aVincent Sabourin; Jordan Tito Jabo
_91150957
245 0 _aIoT Benefits and Growth Opportunities for the Telecom Industry
245 0 _bKey Technology Drivers for Companies
260 _bTaylor and Francis
260 _c2022
365 _a
365 _b105
856 _uhttp://www.taylorfrancis.com/books/9781003294412
942 _cEBOOK
999 _c1741169
_d1741169